000 00508nam a2200169Ia 4500
999 _c22665
_d22665
003 OSt
005 20200323141057.0
008 190216s9999||||xx |||||||||||||| ||und||
040 _coclc
082 _a297.22
_bMOU/U
100 _aMoudoodi, Abul Ala
_91860
245 0 _aUnderstanding Islamic Civilization /
_cAbul Ala Moudoodi
260 _bMarkazi Maktaba Islami,
_aDelhi:
_c2004.
300 _a219p
650 _aIslamic History
942 _cBK
_2ddc
_h297.22
_iMOU/U
_k297.22
_mMOU/U